Statistics for Most Popular Types of Tea

Click here to take the quiz!

General Stats

  • This quiz has been taken 9,351 times
  • The average score is 9 of 23

Answer Stats

#DescriptionAnswer% Correct
11,600General typeGreen
89%
2,230General typeBlack
80%
740Blend of an English lordEarl Grey
80%
3,250Served coldIced/Sun
80%
828Indian blendChai
50%
1,300South African plantRooibos/Red
49%
362Flower infusionChamomile
46%
1,200General typeWhite
45%
822Popular British blendEnglish Breakfast
43%
1,190Modern infusionPeppermint
41%
948Chinese blendJasmine
39%
1,280Popular in the Southern U.S.Sweet
36%
688General typeOolong
34%
457Root infusionGinger
33%
675Indian regionDarjeeling
32%
1,850Generic termHerbal
30%
611Indian regionAssam
19%
532Japanese preparationMatcha
19%
444General typeYellow
17%
431Flower infusionHibiscus
15%
320Fermented bacteria and yeastKombucha
13%
645Modern English blendLady Grey
13%
202Vietnamese blendLotus
7%

Score Distribution

Percentile by Number Answered

Percent of People with Each Score

Your Score History

You have not taken this quiz